[Event "II Maxistral Compostela 2020"]
[Site "Santiago de Compostela"]
[Date "2020.02.13"]
[Round "3.2"]
[White "Gomez Dieguez, David"]
[Black "Galego, Luis"]
[Result "0-1"]
[WhiteElo "2296"]
[BlackElo "2486"]
[Annotator "TA"]
[PlyCount "64"]
[EventDate "2020.02.11"]
[EventType "tourn"]
[EventCountry "ESP"]
[SourceTitle "playchess.com"]
[Source "ChessBase"]
[SourceQuality "1"]

{[%evp 12,90,64,53,64,66,61,62,55,61,46,41,99,78,74,59,70,65,62,62,51,38,37,26,38,29,22,23,45,41,48,54,68,0,0,0,0,0,0,-202,-197,-230,-241,-232,-237,-239,-231,-209,-191,-210,-226,-319,-320,-326,-256,-247,0,-54,-56,-42,-37,-172,-176,-375,-367,-698,-673,-674,-659,-584,-578,-759,-754,-673,-673,-732,-632,-870,-694,-29974,-29975]} 1. e4 c5 2. Nc3 e6 3. Nf3 a6 4. g3 Nc6 5. d4 cxd4 6. Nxd4 Nge7 7. Nb3 d5 {B46: Sicilian: Taimanov: 5 Nc3 a6.} 8. exd5 Nxd5 9. Nxd5 Qxd5 {White is slightly better.} 10. Qxd5 exd5 11. Bg2 {[#]} Be6 $146 (11... Nb4 $14 12. Kd1 Bg4+ 13. f3 Be6) ({Predecessor:} 11... Nb4 12. Nd4 Bc5 13. a3 Bxd4 14. axb4 O-O 15. O-O Be6 16. c3 Bf6 17. Be3 Rfd8 {1-0 (41) Varchenko,G (2128)-Andreev,V (1915) Alushta 2011}) 12. O-O O-O-O 13. c3 h5 14. Be3 h4 15. Rad1 hxg3 16. hxg3 Ne5 17. Nd4 Bg4 18. f3 Bd7 19. Rfe1 Nc4 20. Bc1 Bd6 21. f4 Bg4 22. Rd3 (22. Bf3 $14 Bxf3 23. Nxf3) 22... Bc5 $11 23. b3 Bf5 24. Rdd1 Nd6 {[%cal Bc4d6,Bd6b5,Bb5c3][%mdl 32]} 25. Bxd5 $2 (25. Be3 $11 {and White is okay.} Be4 26. Bxe4 Nxe4 27. Kg2) 25... Nb5 $19 {[%mdl 64] Discovered Attack} 26. Re5 Nxc3 {[%mdl 64] Double Attack} 27. Be6+ Kb8 28. Rxc5 Nxd1 29. Rxf5 fxe6 ({Stronger than} 29... Rxd4 30. Rxf7 Nc3 31. Kg2 $15) 30. Nxe6 Rd3 31. Rg5 (31. Kg2 $142) 31... Rc8 $1 {[%cal Rc8c1]} 32. Nc5 Rdd8 {Played: Rd3-c3} 0-1

[Event "II Maxistral Compostela 2020"]
[Site "Santiago de Compostela"]
[Date "2020.02.13"]
[Round "3.3"]
[White "Suarez Gomez, Julio"]
[Black "Petkov, Vladimir"]
[Result "1/2-1/2"]
[WhiteElo "2439"]
[BlackElo "2514"]
[Annotator "TA"]
[PlyCount "87"]
[EventDate "2020.02.11"]
[EventType "tourn"]
[EventCountry "ESP"]
[SourceTitle "playchess.com"]
[Source "ChessBase"]
[SourceQuality "1"]

{[%evp 18,87,58,42,44,22,56,50,68,43,86,89,83,65,83,72,297,311,328,291,306,177,179,188,195,192,189,177,196,195,211,197,249,215,212,213,228,219,231,241,250,263,333,293,299,298,344,314,335,338,333,329,515,509,571,535,520,0,444,396,404,408,408,372,407,381,404,0,402,0,360,0]} 1. e4 c5 2. Nf3 d6 3. d4 cxd4 4. Nxd4 Nf6 5. Nc3 a6 6. Be2 e5 7. Nb3 Be7 8. Be3 O-O 9. g4 Be6 10. g5 Ne8 {B92: Sicilian Najdorf: 6 Be2.} 11. h4 {[#]} a5 $146 ({Predecessor:} 11... Nc7 12. Bg4 d5 13. exd5 Nxd5 14. Bxe6 fxe6 15. Qg4 Qc8 16. O-O Nxc3 17. bxc3 Rf5 18. c4 {½-½ (48) Vdovin,V (2361)-Savitskiy,S (2411) Sochi 2019}) 12. Nd2 Nd7 {White is slightly better.} 13. Nc4 Qc8 14. Nd5 Bd8 15. a4 Qc6 16. f3 $36 {[%mdl 2048] White is really pushing.} Nc7 $2 {[#]} (16... f5 $16 {was necessary.}) 17. Nxa5 $1 $18 {[%mdl 512]} Nxd5 (17... Rxa5 18. Nb4) 18. Nxc6 Nxe3 19. Nxd8 ({Weaker is} 19. Qxd6 Nxc2+ 20. Kf1 (20. Kd2 $2 Nxa1 21. Rxa1 bxc6 $19) 20... Nxa1 $17) (19. Qc1 $142 Nxc2+ 20. Qxc2 bxc6 21. Qxc6) 19... Nxd1 20. Nxe6 fxe6 21. Rxd1 Nc5 22. a5 Rfd8 23. O-O Kf7 24. b4 Na4 (24... Na6 $142 25. f4 Ke7 26. fxe5 dxe5 27. Rxd8 Rxd8) 25. Ra1 Nc3 26. Bd3 Ke7 27. Ra3 Rdc8 28. h5 Rc7 29. Rfa1 Rf8 30. Kg2 d5 31. b5 {[%cal Bb4b5,Bb5b6][%mdl 32]} d4 32. Rb3 Ra8 33. b6 Rd7 34. Kg3 ({Resist} 34. a6 bxa6 35. b7 (35. Bxa6 Rb8 $18) 35... Rb8 $18) 34... Kd6 (34... Rb8 {is a better defense.} 35. Bf1 Rd6) 35. a6 Kc5 36. Ra5+ Kd6 37. Ra1 $2 ({White should play} 37. a7 $18) 37... Rf7 $2 {[%mdl 8192] [#]} (37... Kc5 $1 $11 38. a7 Kd6) 38. axb7 $1 {[%mdl 512]} Rb8 (38... Rxb7 39. Rxa8) 39. Ba6 Kc5 40. Ra5+ Kd6 41. Raa3 Kc5 42. Ra5+ Kd6 43. Raa3 Kc5 $1 44. Ra5+ $2 {Accuracy: White = 83%, Black = 64%.} (44. Ra1 $18) 1/2-1/2

[Event "II Maxistral Compostela 2020"]
[Site "Santiago de Compostela"]
[Date "2020.02.13"]
[Round "3.4"]
[White "Gonzalez Trigal, Jose Luis"]
[Black "Sanchez Aller, Fernando"]
[Result "1/2-1/2"]
[WhiteElo "2369"]
[BlackElo "2350"]
[Annotator "TA"]
[PlyCount "115"]
[EventDate "2020.02.11"]
[EventType "tourn"]
[EventCountry "ESP"]
[SourceTitle "playchess.com"]
[Source "ChessBase"]
[SourceQuality "1"]

{[%evp 14,115,0,0,0,0,0,0,0,0,0,0,48,48,42,35,39,44,52,47,39,40,41,31,35,24,34,19,70,0,2,0,0,0,14,8,8,9,10,7,25,3,4,0,0,0,0,-2,-1,-7,0,0,9,10,16,16,18,0,0,0,0,0,0,0,0,0,0,0,0,0,10,0,0,0,0,0,0,0,0,0,0,0,0,0,0,0,0,0,0,0,0,0,0,0,0,0,0,0,0,0,0,0,0,0]} 1. d4 Nf6 2. Nf3 g6 3. g3 Bg7 4. Bg2 O-O 5. O-O d6 6. b3 e5 7. dxe5 dxe5 8. Ba3 Qxd1 {A49: 1 d4 Nf6 2 Nf3 g6 3 g3: Anti-King's Indian systems.} 9. Rxd1 Re8 10. Nc3 e4 11. Nd2 e3 12. fxe3 Ng4 13. Nd5 Na6 {[#]} 14. Ne7+ $146 ({Predecessor:} 14. Nc4 Be6 15. Ne7+ Rxe7 16. Bxe7 Bxa1 17. Bxb7 Re8 18. Bxa6 Rxe7 19. Rxa1 Bxc4 20. Bxc4 Nxe3 {1-0 (43) Stefanova,A (2500)-Batchimeg,T (2398) Riadh 2017}) 14... Rxe7 15. Bxe7 Bxa1 16. Rxa1 Nxe3 17. Be4 c6 18. Bg5 Nf5 19. c3 Nc5 20. Bf3 Kg7 ({Better is} 20... h6 $11 21. Bf6 Nd7) 21. e4 (21. Nc4 $1 $14) 21... Ne6 $11 22. Bf4 Nxf4 23. gxf4 Nh4 24. Kf2 Nxf3 25. Nxf3 {[%mdl 4096] Endgame KRB-KRN} Be6 26. Rd1 h6 27. Rd6 Kf6 {The position is equal.} 28. Ke3 Ke7 29. Rd4 a5 30. Ne5 c5 31. Rd2 Ra6 32. Rf2 b5 33. f5 gxf5 34. exf5 Bc8 35. c4 bxc4 36. Nxc4 a4 37. Ke4 Bb7+ 38. Ke5 f6+ 39. Kf4 axb3 40. axb3 Bd5 41. Re2+ Kd7 42. Re3 Bxc4 (42... h5 {feels hotter.} 43. Kg3 Ra2 44. Rd3 Kc6 45. h3 Ra1) 43. bxc4 {KR-KR} Ra4 44. Re4 h5 45. h3 Ra3 46. Re6 Rxh3 47. Ke4 Rh4+ 48. Kd5 Rf4 49. Rxf6 Ke7 50. Re6+ Kf7 51. Ke5 Rxc4 52. Rc6 Rc1 53. Rc7+ Kg8 54. Ke6 Re1+ 55. Kf6 Rc1 56. Kg6 {[%cal Rc7c8] [#]} Rg1+ $1 57. Kxh5 c4 58. Rxc4 {Accuracy: White = 97%, Black = 95%.} 1/2-1/2

[Event "II Maxistral Compostela 2020"]
[Site "Santiago de Compostela"]
[Date "2020.02.13"]
[Round "3.5"]
[White "Grigoryan, Karen H."]
[Black "Portela Peleteiro, Alberto"]
[Result "1-0"]
[WhiteElo "2654"]
[BlackElo "2369"]
[Annotator "TA"]
[PlyCount "81"]
[EventDate "2020.02.11"]
[EventType "tourn"]
[EventCountry "ESP"]
[SourceTitle "playchess.com"]
[Source "ChessBase"]
[SourceQuality "1"]

{[%evp 17,81,51,31,7,18,8,29,-9,33,0,0,0,0,0,0,0,0,0,19,0,11,0,12,10,69,64,56,57,85,77,105,97,107,106,148,154,202,215,147,86,208,89,91,69,90,76,221,195,210,108,114,114,109,108,553,553,747,677,29974,29976,29987,29988,29996,29997,29997,29998]} 1. e4 d6 2. d4 Nf6 3. Nc3 e5 4. Nf3 Nbd7 5. Bc4 Be7 6. O-O O-O 7. Re1 c6 8. a4 h6 9. h3 Re8 10. b3 {C41: Philidor Defence.} Qc7 11. Ba3 Nf8 12. Nh4 {[#] White has an edge.} g5 $146 (12... a6 {is more complex.} 13. Bf1 Be6 14. Nf3 exd4 15. Nxd4 d5) ({Predecessor:} 12... N6h7 13. Nf3 Ng6 14. Ne2 Bf8 15. Ng3 Nf6 16. Bb2 Bd7 17. Qd2 Rad8 18. Qe3 b6 19. Rad1 exd4 20. Bxd4 Nxe4 21. Nxe4 d5 22. Bxd5 cxd5 23. Qc3 Qxc3 24. Nxc3 {½-½ (24) Stoma,P (2308)-Juroszek,T (2365) Katowice 2010}) 13. dxe5 dxe5 14. Bxe7 Qxe7 15. Nf5 Bxf5 $1 16. exf5 Rad8 17. Qf3 a5 18. Rad1 Rxd1 19. Rxd1 Rd8 20. Re1 Qc5 (20... N8d7 $11) 21. Ne4 Nxe4 22. Qxe4 Rd2 {[#]} 23. Re3 $1 b5 24. axb5 cxb5 25. Bd3 Rd1+ 26. Kh2 f6 27. Qb7 Qd4 28. Be4 (28. Re2 $142) 28... a4 (28... Qd2 $16 {was worth a try.}) 29. bxa4 (29. Qxb5 $18 {and the rest is easy.} axb3 30. c3 (30. Qxb3+ Kg7 $16)) 29... bxa4 $16 30. Qa6 Kg7 $1 31. c3 Qd7 (31... Qd2 $16) 32. c4 $18 Qd4 {[#]} 33. Qxa4 ({White has to play} 33. Re2 $1 $18) 33... Rc1 $16 34. Qa3 $36 {[%mdl 2048] White is in control.} Qxc4 35. Rb3 {White wants to mate with Rb7+.} Qxe4 $4 {[%mdl 8192]} (35... Qf7 $16) 36. Qxc1 $18 {aiming for Qc7+.} Qxf5 $16 {KQR-KQN} 37. Rb7+ Kg8 38. Qc4+ {White mates.} Kh8 {[#]} 39. Qc5 $1 {[%cal Rc5f8]} Nh7 40. Rb8+ Kg7 41. Qe7+ {Accuracy: White = 71%, Black = 46%.} 1-0

[Event "II Maxistral Compostela 2020"]
[Site "Santiago de Compostela"]
[Date "2020.02.13"]
[Round "4.1"]
[White "Strikovic, Aleksa"]
[Black "Portela Peleteiro, Alberto"]
[Result "0-1"]
[WhiteElo "2479"]
[BlackElo "2369"]
[Annotator "TA"]
[PlyCount "58"]
[EventDate "2020.02.11"]
[EventType "tourn"]
[EventCountry "ESP"]
[SourceTitle "playchess.com"]
[Source "ChessBase"]
[SourceQuality "1"]

{[%evp 21,58,18,32,10,8,8,89,95,96,33,42,43,89,0,30,-29,-40,-46,-23,-68,-68,-180,-187,-197,-195,-327,-291,-259,-156,-156,-148,-99,-66,-66,-61,-362,-352,-348,-326]} 1. Nf3 d5 2. b3 e6 3. Bb2 Nf6 4. c4 Be7 5. e3 O-O 6. Nc3 b6 7. cxd5 exd5 8. d4 Bb7 9. Bd3 c5 10. O-O Nbd7 11. Rc1 Rc8 12. Bf5 {E14: Queen's Indian: Classical Variation (4 e3).} g6 13. Bh3 {[#]} c4 $146 (13... Ne4 $11 {remains equal.}) ({Predecessor:} 13... Rb8 14. Ne5 Nxe5 15. dxe5 Ne8 16. Ne2 Ng7 17. Qd2 f5 18. exf6 Bxf6 19. Rfd1 Bxb2 20. Qxb2 {0-1 (47) Just,F (2116)-Vucenovic,D (2186) Dresden 2018}) 14. Ne5 $16 {White is better.} a6 15. Nxd7 (15. Qf3 $16) 15... Nxd7 $14 16. Qf3 cxb3 17. axb3 (17. Nxd5 $16 Rxc1 18. Rxc1) 17... f5 18. g4 (18. Nxd5 $142 Rxc1 19. Bxc1 (19. Rxc1 Kh8 $11)) 18... fxg4 $1 $11 19. Qxg4 Nf6 $1 {[%cal Rf6g4]} 20. Qe6+ Kg7 $1 21. Na4 {[#]} (21. Bg2 $15) 21... Rxc1 $1 $19 22. Rxc1 Bd6 {...Re8 is the strong threat.} 23. Bg2 (23. Nc5 {only move.} bxc5 24. dxc5) 23... Re8 24. Qh3 Ne4 25. f4 Bc8 26. Qf3 Bb4 27. Bc3 Qd6 28. Qd1 $2 {[%mdl 8192]} ({Better is} 28. Bxb4 $15 Qxb4 29. Qe2) 28... Nxc3 {[%mdl 64] [#] Discovered Attack} 29. Nxc3 Rxe3 {Accuracy: White = 37%, Black = 61%.} 0-1

[Event "II Maxistral Compostela 2020"]
[Site "Santiago de Compostela"]
[Date "2020.02.13"]
[Round "4.2"]
[White "Sanchez Aller, Fernando"]
[Black "Grigoryan, Karen H."]
[Result "0-1"]
[WhiteElo "2350"]
[BlackElo "2654"]
[Annotator "TA"]
[PlyCount "82"]
[EventDate "2020.02.11"]
[EventType "tourn"]
[EventCountry "ESP"]
[SourceTitle "playchess.com"]
[Source "ChessBase"]
[SourceQuality "1"]

{[%evp 19,82,26,65,44,44,-24,-25,-15,-15,-35,-29,-51,-35,-32,0,0,0,0,13,0,35,35,16,-40,-28,-68,-68,-164,18,-33,-36,-120,-133,-137,-142,-136,-137,-134,-118,-106,-114,-131,-110,-102,-116,-117,-75,-276,-276,-330,-338,-444,-341,-387,-387,-453,-450,-460,-474,-723,-714,-633,-496,-445,-462]} 1. e4 c5 2. Nf3 d6 3. d4 cxd4 4. Nxd4 Nf6 5. Nc3 a6 6. Be3 Ng4 7. Bg5 h6 8. Bh4 g5 9. Bg3 Bg7 10. Be2 Ne5 11. Qd2 {B90: Sicilian Najdorf: Unusual White 6th moves, 6 Be3 Ng4 and 6 Be3 e5.} Nbc6 {[#] Strongly threatening ...Nxd4.} 12. Nf5 (12. O-O-O $14) 12... Bxf5 $1 $11 13. exf5 {Black has an edge.} Nd4 14. f4 ({Not} 14. Qxd4 $2 Nf3+ 15. Bxf3 Bxd4 $19) 14... gxf4 15. Bxf4 {[#]} Nxf5 $146 ({Predecessor:} 15... Qc8 16. O-O-O Nxe2+ 17. Qxe2 Qxf5 18. Rhf1 Rc8 19. Kb1 Qe6 20. Bc1 Nc4 21. Qxe6 fxe6 {0-1 (38) Czopor,M (2241)-Zakhartsov,V (2493) Suwalki 2019}) 16. O-O-O Nh4 17. Rhf1 Nhg6 18. Be3 Rc8 19. Nd5 Nc4 20. Bxc4 $1 Rxc4 21. Qf2 ({White should play} 21. Kb1 $11) 21... O-O $15 22. b3 Re4 23. Qf3 ({Better is} 23. Bd4 $15) 23... Re6 $2 (23... f5 $19 {aiming for ...e6.} 24. Bb6 Qc8) 24. Qh3 (24. g4 $1 $11) 24... Qc8 25. Bxh6 (25. Qf3 $15) 25... Re2 $17 {[%csl Ge2][%cal Rc8c2]} 26. Bd2 Qxh3 27. gxh3 Rxh2 28. Rf3 Kh7 29. Rg1 Be5 30. Ne3 Bf4 31. Kd1 {[#] and if Nf1 works, White does fine.} Bxe3 $1 32. Bxe3 f5 33. Rg5 $2 (33. Rfg3 $17 Rf6 34. Bg5) 33... f4 $19 34. Bg1 Rh1 35. Ke2 e5 36. c4 e4 37. Rf1 Rxh3 {Black is clearly winning.} 38. Bd4 e3 39. Kd3 (39. Rfg1 $142 f3+ 40. Kd1) 39... Re8 {( -> ...e2+)} 40. Rfg1 Re6 41. Rf5 Re7 {Accuracy: White = 47%, Black = 77%.} 0-1

[Event "II Maxistral Compostela 2020"]
[Site "Santiago de Compostela"]
[Date "2020.02.13"]
[Round "4.3"]
[White "Petkov, Vladimir"]
[Black "Gonzalez Trigal, Jose Luis"]
[Result "0-1"]
[WhiteElo "2514"]
[BlackElo "2369"]
[Annotator "TA"]
[PlyCount "118"]
[EventDate "2020.02.11"]
[EventType "tourn"]
[EventCountry "ESP"]
[SourceTitle "playchess.com"]
[Source "ChessBase"]
[SourceQuality "1"]

{[%evp 10,118,26,0,0,0,8,0,0,0,0,0,0,-5,15,6,20,16,11,12,14,0,4,8,8,8,8,4,2,2,2,2,0,-4,-12,-28,-19,-47,-30,-48,-41,-58,-30,-51,0,-58,0,-49,-10,-20,-7,-52,-14,-57,-20,-33,-6,-72,-72,-133,-131,-164,-150,-181,-182,-179,-174,-181,-172,-182,-56,-154,-162,-145,-145,-160,0,0,0,-22,0,0,0,-31,-27,-165,-165,-1102,-1066,-856,-873,-884,-856,-856,-165,-165,0,-724,-673,-7546,-7043,-6183,-6203,-7910,-6119,-6937,-5752,-5750,-5683,-5168,-5106]} 1. d4 d5 2. c4 e6 3. Nf3 Nf6 4. g3 dxc4 5. Bg2 a6 6. Ne5 Bb4+ {E04: Open Catalan: 5 Nf3.} 7. Nc3 {[%cal Bb1c3,Bc3e4,Be4d6][%mdl 32]} Nd5 8. Bd2 Nb6 {The position is equal.} 9. e3 N8d7 10. f4 O-O 11. O-O {[#]} c5 $146 ({Predecessor:} 11... f6 12. Nf3 c5 13. Ne4 Nd5 14. dxc5 Bxc5 15. Nxc5 Nxc5 16. Qc2 b5 17. b3 Bb7 18. bxc4 bxc4 19. Qxc4 {½-½ (38) Fridman,D (2633)-Popov,V (2532) Skopje 2018}) 12. Ne4 Bxd2 13. Qxd2 cxd4 14. exd4 f5 15. Nd6 Qc7 16. Qb4 {[%cal Rd6c4]} Nd5 17. Qa3 b5 18. Nxb5 Qb6 $132 {[%mdl 2048] And now ...Nxe5 would win. Black has counterplay} 19. Nc3 Qxd4+ {[%mdl 64] Double Attack} 20. Kh1 {Hoping for Nxd5.} Nxe5 21. Nxd5 exd5 22. fxe5 Bb7 ({Don't blunder} 22... Qxe5 $2 23. Rfe1 $18) 23. e6 Rae8 24. Qd6 Qf6 ({Not} 24... Qxb2 $2 25. Rab1 $18) 25. Rae1 Qe7 26. Qe5 Qf6 27. Qd6 Qe7 (27... g6 $15) 28. Qb6 Rd8 {[%cal Be8d8,Bd8d6,Bd6b6,Bb6b2][%mdl 32]} 29. Re5 g6 30. Rfe1 Rd6 31. Qc5 Rc8 32. Qd4 Re8 33. Kg1 (33. h4 $11 {keeps the balance.}) 33... Qd8 $1 $17 34. R5e3 (34. b3 $142) 34... Qb6 35. Qxb6 Rxb6 36. Rd1 Rxb2 37. Bxd5 Bxd5 38. Rxd5 Rxa2 $19 {[%mdl 4096] Endgame KRR-KRR} 39. Rc5 Kg7 (39... Rc2 $19 {aiming for ...Kf8.} 40. h4 Kf8) 40. Rc7+ (40. Rxc4 $15 Kf6 41. Rc6) 40... Kf6 $17 41. Rf7+ Kg5 42. Rxh7 {[#]} Kf6 $2 ({Black should try} 42... c3 $1 $17 {[%mdl 512]} 43. Rc7 (43. Rxc3 Rxe6) 43... c2) 43. Rf7+ $11 Kg5 44. Rc7 Kf6 45. Rf7+ Kg5 46. Rc7 Rb8 {( -> ...Rb1+)} 47. Re1 {[#]} (47. h4+ $1 $11 Kh5 48. Kf1) 47... Rbb2 $1 $19 {[%cal Rb2g2] Threatens to win with ...Rg2+.} 48. Rxc4 $2 (48. h4+ {leads to mate.} Kg4 49. Rxc4+ Kh3 50. Rec1 Rh2 51. R4c2 Rhxc2 52. Rxc2 Rxc2 53. h5 Kxg3 54. Kf1 gxh5 55. Ke1 f4 56. e7 Rc8 57. Kf1 f3 58. Ke1 f2+ 59. Ke2 h4 60. Kd2 f1=Q 61. e8=Q Qc1+ 62. Kd3 Qc4+ 63. Ke3 Rxe8+ 64. Kd2 Re2+ 65. Kd1 Qc2#) (48. e7) 48... Rg2+ 49. Kh1 Rxh2+ 50. Kg1 Rag2+ 51. Kf1 Rf2+ $2 (51... Rxg3 {Strongly threatening ...Rh1+.} 52. Rcc1 Rgh3) 52. Kg1 Rfg2+ $2 (52... Rhg2+ 53. Kh1 Rh2+ 54. Kg1 Rhg2+ 55. Kh1 Re2 56. Rxe2 Rxe2) 53. Kf1 Rxg3 {Black is clearly winning.} 54. Rc6 {Now Re5 and White clings on.} Rh1+ 55. Kf2 Rxe1 56. Kxg3 a5 {[%cal Ba6a5,Ba5a4,Ba4a3][%mdl 32]} 57. Ra6 {[#]} a4 $1 58. Kf2 (58. Rxa4 Kf6) 58... Re4 59. Kf3 {[#]} a3 $1 {Accuracy: White = 57%, Black = 72%.} 0-1

[Event "II Maxistral Compostela 2020"]
[Site "Santiago de Compostela"]
[Date "2020.02.13"]
[Round "4.4"]
[White "Galego, Luis"]
[Black "Suarez Gomez, Julio"]
[Result "1/2-1/2"]
[WhiteElo "2486"]
[BlackElo "2439"]
[Annotator "TA"]
[PlyCount "34"]
[EventDate "2020.02.11"]
[EventType "tourn"]
[EventCountry "ESP"]
[SourceTitle "playchess.com"]
[Source "ChessBase"]
[SourceQuality "1"]

{[%evp 9,34,12,15,0,4,0,8,-27,-7,-16,-7,-14,-23,0,-13,-33,-11,-13,-11,-2,-6,-7,0,0,0,0,18]} 1. d4 d5 2. Nf3 Nf6 3. c4 e6 4. e3 a6 5. Nbd2 c5 6. cxd5 {D30: Queen's Gambit Declined: Systems without Nc3.} exd5 7. dxc5 Bxc5 8. Nb3 Bb6 (8... Bd6 {with more complications.} 9. Bd2 O-O 10. Bc3 Re8 11. Bd3 Nc6) 9. Be2 O-O 10. O-O Nc6 11. Nbd4 Ne4 12. Bd2 Nxd4 13. Nxd4 {The position is equal.} Bxd4 14. exd4 Qb6 15. Bc3 {[#]} Be6 $146 ({Predecessor:} 15... Re8 16. Qa4 Bd7 17. Qxd7 Nf6 18. Qf5 Rxe2 19. Rfe1 Rae8 20. Rxe2 Rxe2 21. Qd3 Re6 {0-1 (68) Alonso Rosell,A (2548)-Potkin,V (2583) Moscow 2019}) 16. Qb3 Qxb3 17. axb3 Rfc8 {Accuracy: White = 87%, Black = 100%.} 1/2-1/2

[Event "II Maxistral Compostela 2020"]
[Site "Santiago de Compostela"]
[Date "2020.02.13"]
[Round "4.5"]
[White "Medarde Santiago, Luis Marcos"]
[Black "Gomez Dieguez, David"]
[Result "1-0"]
[WhiteElo "2246"]
[BlackElo "2296"]
[Annotator "TA"]
[PlyCount "107"]
[EventDate "2020.02.11"]
[EventType "tourn"]
[EventCountry "ESP"]
[SourceTitle "playchess.com"]
[Source "ChessBase"]
[SourceQuality "1"]

{[%evp 19,107,57,57,56,50,56,47,47,50,44,57,15,27,18,17,18,43,22,62,58,60,62,64,64,62,50,116,111,112,105,118,65,65,65,74,74,74,74,74,74,98,93,79,71,80,73,133,128,259,267,275,167,223,193,310,307,273,196,218,200,615,615,556,585,1080,1131,1089,1084,962,586,824,789,872,585,515,356,3557,1872,4770,3564,2021,1255,4770,4770,4766,4766,29977,29976,29990,29991]} 1. Nf3 Nf6 2. c4 c5 3. g3 Nc6 4. Bg2 g6 5. O-O Bg7 6. Nc3 O-O 7. d4 cxd4 8. Nxd4 Qb6 9. Nc2 d6 10. b3 Qa5 11. Bd2 $1 {NOTEXT-110247. A39: Symmetrical English vs ...g6: 4 Bg2 Bg7 5 Nf3 Nf6 6 0-0 0-0 7 d4.} Qh5 12. e4 Qxd1 13. Raxd1 {[#] White is slightly better.} Rd8 $146 ({Predecessor:} 13... a6 14. Nd5 Nd7 15. Ncb4 Kh8 16. Nxc6 bxc6 17. Nxe7 Bb7 18. e5 Nxe5 19. Bc3 Rae8 20. Bxe5 dxe5 {1-0 (49) Stohl,I (2477)-Cerveny,M (2415) Czech Republic 2016}) 14. Nd5 Nxd5 15. cxd5 Ne5 16. Nd4 Bd7 17. Bg5 Kf8 18. h3 h6 19. Be3 $36 {[%mdl 2048] f4 is the strong threat. White has good play.} g5 20. f4 gxf4 21. gxf4 Ng6 22. Nf5 Bxf5 (22... b6 $14) 23. exf5 $16 Nh4 24. Be4 Rdc8 25. Bf2 (25. Kf2 $16) 25... Bf6 $14 26. Rc1 Ke8 27. Kh2 Kd7 28. Rg1 Rxc1 29. Rxc1 a6 30. Rg1 Rc8 31. Rg4 h5 {[#]} 32. Rg5 $1 {[%cal Rg5h5]} Bxg5 (32... Rc3 $142 33. Bxh4 Re3) 33. fxg5 $16 Nxf5 (33... Rc1 $16) 34. Bxf5+ $18 e6 35. Be4 Rg8 (35... Rc1 {keeps fighting.} 36. dxe6+ Kxe6) 36. h4 b5 (36... e5 {might work better.} 37. Bf5+ Kd8 38. Bb6+ Ke8) 37. Bf3 Rh8 38. Kg3 Ke7 39. Be2 f6 $2 (39... e5 40. Be3 f6 41. gxf6+ Kxf6) 40. dxe6 fxg5 41. hxg5 h4+ 42. Kh3 Kxe6 43. Bd4 Re8 44. Bf6 Kf5 45. Bd3+ Kf4 46. Bh7 Re3+ 47. Kxh4 {[#] Black must now prevent g6.} Re2 $2 (47... Re1 48. Kh5 Rh1+ 49. Kg6 d5) 48. Kh3 Re3+ 49. Kg2 Re2+ 50. Kf1 Rh2 51. g6 Kf3 52. Ke1 b4 53. g7 Ke3 54. Bg5+ {Accuracy: White = 78%, Black = 46%.} 1-0

[Event "II Maxistral Compostela 2020"]
[Site "Santiago de Compostela"]
[Date "2020.02.14"]
[Round "5.1"]
[White "Gomez Dieguez, David"]
[Black "Strikovic, Aleksa"]
[Result "0-1"]
[WhiteElo "2296"]
[BlackElo "2479"]
[Annotator "TA"]
[PlyCount "50"]
[EventDate "2020.02.11"]
[EventType "tourn"]
[EventCountry "ESP"]
[SourceTitle "playchess.com"]
[Source "ChessBase"]
[SourceQuality "1"]

{[%evp 9,52,16,51,12,27,12,20,-20,-26,-34,-18,-32,-34,-43,0,-6,-6,0,0,-60,0,-58,-57,-58,-52,-179,-161,-139,-137,-220,-223,-219,-206,-635,-634,-622,-611,-607,-601,-677,-668,-738,-591,-590,-561]} 1. e4 d6 2. d4 Nf6 3. Nc3 e5 4. Nf3 Nbd7 5. Bd3 g6 6. O-O {C41: Philidor Defence.} Bg7 7. Re1 O-O 8. Ne2 {The position is equal.} exd4 9. Nexd4 Re8 10. Bg5 h6 11. Bh4 {[#]} c6 $146 ({Predecessor:} 11... Nc5 12. Nb3 Nxd3 13. cxd3 Bd7 14. Qc2 Ba4 15. Rac1 Rc8 16. h3 c5 17. Qd2 b6 {1-0 (47) Skomorokhin,V (2342)-Zablotsky,S (2525) Sochi 2015}) 12. c3 Qb6 13. Qd2 Nc5 {[%cal Rf6e4]} 14. e5 (14. Bxf6 $1 $11 Bxf6 15. b3) 14... dxe5 {[#]} ({Black should try} 14... Nxd3 $15 15. Qxd3 dxe5 16. Nxe5 c5 17. Bxf6 Bxf6) 15. Nxe5 (15. Bxg6 $1 $11 {[%mdl 512]} Qd8 (15... fxg6 16. Bxf6) 16. Bxf6 Qxf6 17. Bc2) 15... Nxd3 $15 16. Qxd3 {Nxg6! is the strong threat.} c5 (16... Qxb2 {[#]} 17. Nxg6 $1 {[%mdl 512]} Ne4 18. f3 $11 (18. Rab1 Qxa2 19. Rxe4 Rxe4 $11)) 17. Qc4 ({Better is} 17. Bxf6 $15 Bxf6 18. Ndf3) 17... Rxe5 $1 $19 18. Rxe5 {Hoping for Re7.} cxd4 19. Bxf6 (19. Rae1 $17 {keeps fighting.} Bf5 20. Re7) 19... Bxf6 20. Re8+ Kg7 21. Rxc8 $2 (21. Rae1 d3 22. Rxc8 Rxc8 23. Qxc8) 21... Rxc8 {Black is clearly winning.} 22. Qxc8 Qxb2 {[%cal Rb2a1][%mdl 64] Double Attack. KQR-KQB} 23. Re1 dxc3 24. Qc5 c2 25. Qe3 {[#]} Qxa2 {Played: Bf6-e7} 0-1